| 000 | 00847nam a2200241 i 4500 | ||
|---|---|---|---|
| 999 |
_c3577 _d3577 |
||
| 005 | 20191224041708.0 | ||
| 008 | 140312b2003 -Uk||||| |||| 00| 0 eng d | ||
| 040 |
_aCO-BoIAVH _cCO-BoIAVH |
||
| 041 | _aspa | ||
| 082 | 0 | 4 |
_a582.16 _bB69b |
| 245 |
_aBombacopsis quinata : _bun árbol maderable para reforestar / _ceditado por J. Cordero y D. H. Boshier. |
||
| 260 |
_aOxford : _bOxford Forestry Institute _bUniversity of Oxford, _c2003. |
||
| 300 |
_a182 páginas ; _c27 cm. |
||
| 650 | 1 | 4 |
_aÁrboles _xClasificación |
| 650 | 2 | 4 | _aReforestación |
| 650 | 2 | 4 | _aEcología de bosques |
| 650 | 2 | 4 | _aBosques |
| 700 | 1 |
_aCordero, J., _eeditor. |
|
| 700 | 1 |
_aBoshier, D. H. _eeditor. |
|
| 856 | _uhttp://www.bodley.ox.ac.uk/users/millsr/isbes/ODLF/TFP39.pdf | ||
| 942 |
_cLIBRO _2ddc |
||
| 945 | _d2004-01-26 | ||